Sports Quiz

Random Sports or Soccer Quiz

Premier League: Most Expensive XIs Quiz Stats

 Plays Quiz Updated Jul 20, 2018

Challenge
Share
Tweet
Embed
Score 0/66 Timer 15:00
13 Plays Today
Hint Player % Correct
Manchester UnitedDavid de Gea
90.4%
ArsenalBernd Leno
86.2%
Manchester UnitedRomelu Lukaku
84.1%
Manchester UnitedRio Ferdinand
79.2%
LiverpoolMohamed Salah
75.2%
ArsenalAlexis Sánchez
75%
ChelseaFernando Torres
75%
Manchester UnitedFred
74.2%
Manchester CityLeroy Sané
71.4%
ArsenalMesut Özil
71.3%
Manchester UnitedPaul Pogba
71.1%
ChelseaPetr Cech
70.8%
Manchester UnitedNemanja Matić
70.2%
Manchester UnitedLuke Shaw
70.2%
ArsenalAlexandre Lacazette
69.6%
Manchester UnitedÁngel Di María
69.4%
Manchester UnitedAnthony Martial
69.3%
Tottenham HotspurHugo Lloris
69%
ChelseaÁlvaro Morata
68.8%
ChelseaMichael Essien
66.8%
LiverpoolAlisson Becker
66.7%
Manchester CityRiyad Mahrez
66.5%
Manchester CityDavid Silva
66.2%
Manchester CityEderson
65.7%
Manchester CityKevin de Bruyne
65.5%
Manchester UnitedEric Bailly
64.8%
LiverpoolNaby Keïta
62.6%
Manchester CityJohn Stones
62.6%
ArsenalPierre-Emerick Aubameyang
62.2%
ArsenalGranit Xhaka
60.7%
ChelseaDanny Drinkwater
60.6%
ChelseaTiemoué Bakayoko
59.9%
Manchester UnitedJuan Mata
59.8%
Hint Player % Correct
LiverpoolSadio Mané
59.4%
Manchester CityAymeric Laporte
57.9%
LiverpoolDejan Lovren
57.6%
Manchester CityYaya Touré
56.2%
ArsenalSanti Cazorla
56.1%
ArsenalCalum Chambers
56%
Manchester CityFernandinho
55.8%
ChelseaJorginho
55.5%
Manchester CityBenjamin Mendy
54.2%
ChelseaDavid Luiz
53.8%
LiverpoolVirgil van Dijk
52.4%
LiverpoolChristian Benteke
51.3%
LiverpoolGlen Johnson
51%
Tottenham HotspurÉrik Lamela
50.4%
ArsenalShkodran Mustafi
49.7%
LiverpoolFabinho
49.4%
Tottenham HotspurSerge Aurier
49%
ChelseaAntonio Rüdiger
48.9%
Manchester CityRaheem Sterling
44.7%
LiverpoolAlex Oxlade-Chamberlain
44.1%
LiverpoolAdam Lallana
43.8%
ArsenalSokratis Papastathopoulos
43%
Tottenham HotspurToby Alderweireld
43%
Tottenham HotspurPaulinho
42.5%
Tottenham HotspurLuka Modrić
42%
Tottenham HotspurDavid Bentley
40.8%
Tottenham HotspurRoberto Soldado
40.3%
ChelseaRicardo Carvalho
39.9%
Tottenham HotspurSon Heung-min
39.8%
Tottenham HotspurMoussa Sissoko
38.2%
ChelseaAndriy Shevchenko
37.4%
Tottenham HotspurDavinson Sánchez
37%
ArsenalLucas Torreira
27.7%

You're not logged in!

Compare scores with friends on all Sporcle quizzes.
Join for Free
OR
Log In

You Might Also Like...

Show Comments

Extras

Top Quizzes Today


Score Distribution

Your Account Isn't Verified!

In order to create a playlist on Sporcle, you need to verify the email address you used during registration. Go to your Sporcle Settings to finish the process.

Report this User

Report this user for behavior that violates our Community Guidelines.

Details: